| 000 | 00536nam a2200217Ia 4500 | ||
|---|---|---|---|
| 003 | OSt | ||
| 005 | 20231006163410.0 | ||
| 008 | 210210b1968 xxu||||| |||| 00| 0 eng d | ||
| 040 | _cAL | ||
| 041 | _aeng | ||
| 082 | _a823/235 | ||
| 100 |
_aSHAKESPEARE (William) _9136529 |
||
| 245 | _aMidsummer nights dream | ||
| 260 |
_aLondon _bBlackie and Son Limited _c1968 |
||
| 650 |
_anights _9136530 |
||
| 650 |
_aMidsummer _9136531 |
||
| 650 |
_adream _9136532 |
||
| 690 |
_aEnglish Drama _9136533 |
||
| 906 | _a013780 | ||
| 942 |
_2ddc _cBK |
||
| 999 |
_c132836 _d132836 |
||